000
00242nam a22001097a 4500
082
_a
3335 POL
100
_a
Kozlov A. G
245
_a
Political Economy:Socialism
260
_a
moscow
_b
progress
_c
1977
300
_a
487p
_b
ill.;20CM
942
_c
BK
999
_c
19126
_d
19126